[Event "Avoine op 23rd"]
[Site "Avoine"]
[Date "2008.07.22"]
[Round "4"]
[White "Alet, Jean Pierre"]
[Black "Saatdjian, Esteban"]
[Result "1-0"]
[WhiteElo "2176"]
[BlackElo "1700"]
[PlyCount "69"]
[EventDate "2008.07.19"]
[EventType "swiss"]
[EventRounds "9"]
[EventCountry "FRA"]
[SourceTitle "CBM 125 Extra"]
[Source "ChessBase"]
[SourceDate "2008.09.01"]
[SourceVersion "1"]
[SourceVersionDate "2008.09.01"]
[SourceQuality "1"]

1. d4 Nf6 2. c4 e6 3. Nc3 Bb4 4. e3 b6 5. Nge2 Ba6 6. Qa4 c5 7. a3 Bxc3+ 8. Nxc3 0-0 9. Be2 cxd4 10. exd4 h6 11. Bf4 Bb7 12. Bd6 Bxg2 13. Rg1 Bc6 14. Qc2 Ne8 15. Bxf8 Kxf8 16. d5 exd5 17. cxd5 Bb7 18. Qh7 Qf6 19. 0-0-0 d6 20. Bb5 g5 21. h4 a6 22. Bxe8 Kxe8 23. hxg5 hxg5 24. Qg8+ Kd7 25. Qxg5 Qxg5+ 26. Rxg5 Ke7 27. Re1+ Kf8 28. Ne4 Nd7 29. Nxd6 Nc5 30. Re3 a5 31. Rf5 a4 32. Rxf7+ Kg8 33. Rg3+ Kh8 34. Rf5 Nb3+ 35. Kd1 1-0